000 00628nam a2200217Ia 4500
003 OSt
005 20240509162951.0
008 210719s1990 xx 000 0 und d
040 _cAL
041 _aTulu
082 _aT894.2 RAVA
100 _aRAV (P S)
_dರಾವ್ (ಪಿ ಎಸ್)
_9163996
245 _aAmmegori ande mage
_bಅಮ್ಮೆಗೊರಿ ಅಂಡೆ ಮಗೆ
260 _aMangaluru
_bSahodara Kala Vranda
_c1990
300 _a57
_bPB
365 _b6
_cRs
650 _aTulu Nataka
_9163997
650 _aTulu Drama
_9163998
906 _aAmmagori ; ande ; mage ; nataka ; Tulu
942 _2ddc
_cBK
999 _c214672
_d214672